Normal view
MARC view
- Military Engineers Association of Canada
Entry Corporate Name
001 - CONTROL NUMBER
- control field: 48965
003 - CONTROL NUMBER IDENTIFIER
- control field: NUST
005 - DATE AND TIME OF LATEST TRANSACTION
- control field: 20210314134214.0
008 - FIXED-LENGTH DATA ELEMENTS
- fixed length control field: 210314|| aca||aabn | a|a d
040 ## - CATALOGING SOURCE
- Original cataloging agency: NUST
- Transcribing agency: NUST
110 ## - HEADING--CORPORATE NAME
- Corporate name or jurisdiction name as entry element: Military Engineers Association of Canada
670 ## - SOURCE DATA FOUND
- Source citation: Work cat.: (NUST): Kerry, Armine John, 48963, The history of the Corps of Royal Canadian Engineers,, 1962-66.
